|
|
|
|
| LEADER |
01879cas a2200241 a 4500 |
| 001 |
AALejournalIMF014103 |
| 008 |
230101c9999 xx r poo 0 0eng d |
| 020 |
|
|
|c 5.00 USD
|
| 020 |
|
|
|z 9781484330524
|
| 022 |
|
|
|a 1934-7685
|
| 040 |
|
|
|a BD-DhAAL
|c BD-DhAAL
|
| 110 |
2 |
|
|a International Monetary Fund.
|b Middle East and Central Asia Dept.
|
| 245 |
1 |
4 |
|a The Kyrgyz Republic :
|b Fifth Review Under the Three-Year Arrangement Under the Extended Credit Facility, and Request for Modification of Performance Criteria.
|
| 264 |
|
1 |
|a Washington, D.C. :
|b International Monetary Fund,
|c 2013.
|
| 300 |
|
|
|a 1 online resource (102 pages)
|
| 490 |
1 |
|
|a IMF Staff Country Reports
|
| 500 |
|
|
|a <strong>Off-Campus Access:</strong> No User ID or Password Required
|
| 500 |
|
|
|a <strong>On-Campus Access:</strong> No User ID or Password Required
|
| 506 |
|
|
|a Electronic access restricted to authorized BRAC University faculty, staff and students
|
| 520 |
3 |
|
|a This paper focuses on the Kyrgyz Republic's Fifth Review Under the Three-Year Arrangement Under the Extended Credit Facility, and Request for Modification of Performance Criteria. Growth was strong over the first nine months of 2013, and inflation has declined steadily. Intensive public investment programs and the decline in gold prices are putting temporary pressures on the current account. The medium-term outlook is broadly favorable, despite the slowdown in the region. System-wide financial stability indicators have been broadly sound. The IMF staff recommends completion of the fifth review and approval of the request for modification of the performance criteria for end-December 2013.
|
| 538 |
|
|
|a Mode of access: Internet
|
| 830 |
|
0 |
|a IMF Staff Country Reports; Country Report ;
|v No. 2013/376
|
| 856 |
4 |
0 |
|z Full text available on IMF
|u http://elibrary.imf.org/view/journals/002/2013/376/002.2013.issue-376-en.xml
|z IMF e-Library
|